Manual de procedimiento del trabajo
Tallennettuna:
| Päätekijä: | |
|---|---|
| Aineistotyyppi: | Kirja |
| Kieli: | espanja |
| Julkaistu: |
Santiago
Librotecnia
2017
|
| Painos: | 1a. ed |
| Sarja: | Derecho
|
| Aiheet: | |
| Tagit: |
Lisää tagi
Ei tageja, Lisää ensimmäinen tagi!
|
MARC
| LEADER | 00000cam a2200000 a 4500 | ||
|---|---|---|---|
| 001 | UCD7299 | ||
| 003 | CL-VaPUC | ||
| 008 | 170317e20170000cl |||||||||||||||||spa|d | ||
| 020 | |a 9789563271522 | ||
| 082 | 0 | 4 | |a 344.8301 |b DIA |2 21 |
| 100 | 0 | |a Díaz Méndez, Marcela Mabel |e author |9 591276 | |
| 245 | 1 | 0 | |a Manual de procedimiento del trabajo |
| 250 | |a 1a. ed | ||
| 300 | |a 289 p | ||
| 942 | |c BK | ||
| 945 | |d 20170317 22:16:00 |a dcastane | ||
| 260 | |a Santiago |b Librotecnia |c 2017 | ||
| 650 | 7 | |a DERECHO LABORAL |2 CL-VaPUC |9 15 | |
| 650 | 0 | |a Derecho laboral chileno |9 476826 | |
| 650 | 7 | |a JUICIO LABORAL |2 CL-VaPUC |9 528948 | |
| 583 | |a last modification |c 20170510 12:56:39 |k Rodrigo Vera | ||
| 490 | 0 | |a Derecho | |
| 999 | |c 367361 |d 367359 | ||
| 952 | |0 0 |1 0 |3 erb |4 0 |6 344_830100000000000_DIA_2017 |7 0 |8 A |9 482199 |a BIBDER |b BIBDER |i 5367336 |l 2 |o 344.8301 DIA 2017 |p 5367336 |r 2025-01-21 |s 2025-01-21 |w 2019-11-24 |y BK |z Catalogado en:20170317 |k DER | ||